LEADER 03136nam 2200613 450 001 9910822204603321 005 20200520144314.0 010 $a0-643-10316-3 010 $a0-643-10315-5 035 $a(CKB)2550000001163284 035 $a(OCoLC)851629134 035 $a(CaPaEBR)ebrary10809225 035 $a(SSID)ssj0001164609 035 $a(PQKBManifestationID)11663699 035 $a(PQKBTitleCode)TC0001164609 035 $a(PQKBWorkID)11181632 035 $a(PQKB)10777783 035 $a(MiAaPQ)EBC1564268 035 $a(Au-PeEL)EBL1564268 035 $a(CaPaEBR)ebr10809225 035 $a(CaONFJC)MIL545422 035 $a(EXLCZ)992550000001163284 100 $a20130704d2013 uy 0 101 0 $aeng 135 $aurcnu|||||||| 181 $ctxt 182 $cc 183 $acr 200 00$aNeurobiology of monotremes $ebrain evolution in our distant mammalian cousins /$feditor: Ken Ashwell 210 1$aCollingwood, Victoria :$cCSIRO Publishing,$d2013. 215 $a1 online resource (537 p.) 300 $aBibliographic Level Mode of Issuance: Monograph 311 $a0-643-10311-2 311 $a1-306-14171-0 320 $aIncludes bibliographical references and index. 327 $aClassification and evolution of the monotremes / A.M. Musser -- Behaviour and ecology of the monotremes / Stewart C. Nicol -- Embryology and post-hatching development of the monotremes / Ken W.S. Ashwell -- Overview of monotreme nervous system structure and evolution / Ken W.S. Ashwell -- Peripheral nervous system, spinal cord, brainstem and cerebellum / Ken W.S. Ashwell -- Diencephalon and deep telencephalic structures / Ken W.S. Ashwell -- Cerebral cortex and claustrum/endopiriform complex / Ken W.S. Ashwell -- Visual system / Ken W.S. Ashwell -- Somatosensory and electrosensory systems / Ken W.S. Ashwell and Craig D. Hardman -- Auditory and vestibular systems / Ken W.S. Ashwell -- Chemical senses : olfactory and gustatory systems / Ken W.S. Ashwell -- The hypothalamus, neuroendocrine interface and autonomic regulation / Ken W.S. Ashwell -- Monotremes and the evolution of sleep / Ken W.S. Ashwell -- Reflections : monotreme neurobiology in context / Ken W.S. Ashwell -- Atlas and tables of peripheral nervous system anatomy / Ken W.S. Ashwell and Anne M. Musser -- Atlas of the adult and developing brain and spinal cord of the short-beaked echidna (Tachyglossus aculeatus aculeatus) / Ken W.S. Ashwell and Craig D. Hardman -- Atlas of the adult and developing brain of the platypus (Ornithorhynchus anatinus) / Ken W.S. Ashwell and Craig D. Hardman. 606 $aMonotremes 606 $aNeuroanatomy 606 $aNeurobiology 606 $aNeurophysiology 615 0$aMonotremes. 615 0$aNeuroanatomy. 615 0$aNeurobiology. 615 0$aNeurophysiology. 676 $a599.1 700 $aAshwell$b Ken W. S.$01085284 701 $aAshwell$b Ken W. S$01085284 801 0$bMiAaPQ 801 1$bMiAaPQ 801 2$bMiAaPQ 906 $aBOOK 912 $a9910822204603321 996 $aNeurobiology of monotremes$93989623 997 $aUNINA LEADER 01765nas 2200589 a 450 001 996214136403316 005 20240413015813.0 011 $a2196-8918 035 $a(OCoLC)244453334 035 $a(CKB)954925537132 035 $a(CONSER) 2010247772 035 $a(DE-599)ZDB2444539-3 035 $a(EXLCZ)99954925537132 100 $a20080826b19782017 sy 101 0 $aeng 135 $aurmn#---auuua 181 $ctxt$2rdacontent 182 $cc$2rdamedia 183 $acr$2rdacarrier 200 04$aThe behavior analyst 210 $a[Kalamazoo, Mich.?] $cMidwestern Association of Behavior Analysis$d1978- 210 3 $cSpringer International 300 $aRefereed/Peer-reviewed 311 $a0738-6729 517 0 $aThe Behavior analyst 531 0 $aBEHAV ANALYST 531 0 $aBehav. anal. 531 0 $aBEHAVIOR ANALYST / MABA 531 0 $aBEHAVIOR ANALYST 531 0 $aBEHAV ANAL 606 $aBehaviorism (Psychology)$vPeriodicals 606 $aBehavioral assessment$vPeriodicals 606 $aBehavior modification$vPeriodicals 606 $aBehavior therapy$vPeriodicals 606 $aBehavior Therapy 606 $aBehaviorism 608 $aElectronic journals. 608 $aPeriodical. 615 0$aBehaviorism (Psychology) 615 0$aBehavioral assessment 615 0$aBehavior modification 615 0$aBehavior therapy 615 2$aBehavior Therapy. 615 2$aBehaviorism. 676 $a150/.5 712 02$aSociety for the Advancement of Behavior Analysis. 712 02$aAssociation for Behavior Analysis. 712 02$aAssociation for Behavior Analysis International. 906 $aJOURNAL 912 $a996214136403316 996 $aThe behavior analyst$92074633 997 $aUNISA